000 00548nam a2200181 u 4500
005 20210223132755.0
008 151110s2008 r 000 0 eng d
020 _a9788489825536
035 _aUPN01000206658
049 _aI
050 4 _aDS481 G3
_bL5.3
100 1 _aLiang, Lin
_938154
245 1 0 _aGandhi /
_cLiang Lin ; il. Robert Ingpen ; tr. de Ignasi Roda Fábregas.
260 _aBarcelona, Esp. :
_bING,
_c2008.
300 _a[36] p. :
_bil.
600 1 4 _aGANDHI,
_cMAHATMA,
_d1869-1948 -
_vLITERATURA JUVENIL
_924482
905 _aInfantil
999 _c178759
_d178759